| 000 | 00566nam a22001577a 4500 | ||
|---|---|---|---|
| 008 | 160311b xxu||||| |||| 00| 0 eng d | ||
| 020 | _a978-971-0391-89-9 | ||
| 082 |
_22013 _aDFil 371.102 _bC33 |
||
| 100 |
_93658 _aCerda, Roger Don SJ. |
||
| 245 |
_aReflections on teaching: _bAnecdotes, challenges, insights, inspirations, quotes, & tips/ _cRoger Don SJ. Cerda. |
||
| 260 |
_aQuezon City: _bGreat Books Publishing, _cc2013. |
||
| 300 |
_aviii, 136 pages; _c23 cm. |
||
| 500 | _aIncludes webliography. | ||
| 650 | 0 |
_93659 _aTeaching as a profession |
|
| 942 |
_2ddc _cDFIL |
||
| 999 |
_c1265 _d1265 |
||